Decentralised planning process in Andhra Pradesh - A late starter (Record no. 90677)

000 -LEADER
fixed length control field 01691pab a2200205 454500
008 - FIXED-LENGTH DATA ELEMENTS--GENERAL INFORMATION
fixed length control field 180718b2010 xxu||||| |||| 00| 0 eng d
100 ## - MAIN ENTRY--PERSONAL NAME
Personal name Reddy, M. Gopinath
245 ## - TITLE STATEMENT
Title Decentralised planning process in Andhra Pradesh - A late starter
260 ## - PUBLICATION, DISTRIBUTION, ETC.
Date of publication, distribution, etc. 2010
300 ## - PHYSICAL DESCRIPTION
Extent p.933-951.
362 ## - DATES OF PUBLICATION AND/OR SEQUENTIAL DESIGNATION
Dates of publication and/or sequential designation Oct-Dec
520 ## - SUMMARY, ETC.
Summary, etc. Andhra Pradesh, unlike state like Kerala. West Bengal, Madhya Pradesh and Karnataka is lagging behind in activating the decentralized planning process. Although AP Government has passed Conformity Act as soon as 73rd Constitutional Amendment Act was enacted, most of the provisions of the Andhra Pradesh Conformity Act have not been made into concrete reality even today i.e., more than after a decade and half of decentralization experience is Andhra Pradesh. The functional devolution states of Andhra Pradesh as compared to some of the well performing states make it clear that AP has not done well in developing functions, finances and functionaries envisaged in the 11th Schedule of the Constitution. Andhra Pradesh Government, despite its prolonged commitment to strengthen planning process, has finally brought the District Planning Act, 2005. However, the guidelines of the working of the DPCs have yet to be formulated to make these institutions functional. Our article addresses overview of decentralization status in AP in general and decentralized planning process in particular. - Reproduced.
650 ## - SUBJECT ADDED ENTRY--TOPICAL TERM
Topical term or geographic name entry element Planning - India - Andhra Pradesh
650 ## - SUBJECT ADDED ENTRY--TOPICAL TERM
Topical term or geographic name entry element Decentralization - India - Andhra Pradesh
650 ## - SUBJECT ADDED ENTRY--TOPICAL TERM
Topical term or geographic name entry element Decentralization
700 ## - ADDED ENTRY--PERSONAL NAME
Personal name Reddy, Rama Chandra
773 ## - HOST ITEM ENTRY
Main entry heading Indian Journal of Public Administration
908 ## - PUT COMMAND PARAMETER (RLIN)
Put command parameter N
909 ## -
-- 90677
Holdings
Withdrawn status Lost status Damaged status Not for loan Permanent Location Current Location Date acquired Serial Enumeration / chronology Barcode Date last seen Price effective from Koha item type
        Indian Institute of Public Administration Indian Institute of Public Administration 2018-07-19 Volume no: 56, Issue no: 4 AR91137 2018-07-19 2018-07-19 Articles

Powered by Koha